Cricket: Lowest Individual Career ODI Bowling Strike Rate - Statistics

General Stats
  • This quiz has been taken 15 times
    9 since last reset
  • The average score is 11 of 20
Answer Stats
Country Years Wickets S/R Answer % Correct
AFG 2015-2021* 140 26.6 Rashid Khan
100%
AUS 2000-2012 380 29.4 Brett Lee
88%
AUS 2010-2021* 195 26.1 Mitchell Starc
88%
IND 2013-2021* 148 27.3 Mohammed Shami
88%
PAK 2018-2021* 53 26.7 Shaheen Shah Afridi
88%
NZ 2002-2010 147 29.2 Shane Bond
88%
NZ 2012-2021 169 30.2 Trent Boult
88%
NZ 2014-2021* 98 29.3 Matt Henry
75%
SL 2008-2015 152 27.3 Ajantha Mendis
63%
BAN 2015-2021* 127 26.3 Mustafizur Rahman
63%
PAK 1995-2003 288 30.4 Saqlain Mushtaq
63%
SA 2018-2021* 54 24.8 Lungi Ngidi
50%
NZ 2013-2017 60 24.7 Corey Anderson
38%
AUS 2007-2011 62 27.2 Shaun Tait
38%
NZ 2013-2016 82 28.4 Mitchell McClenaghan
25%
IND 2003-2016 64 29.9 Amit Mishra
13%
NZ 1997-2000 52 29.3 Geoff Allott
13%
NZ 2016-2021* 69 28.3 Lockie Ferguson
13%
AFG 2009-2019 59 29.3 Hamid Hassan
0%
AUS 1977-1982 53 29.5 Len Pascoe
0%
No matching quizzes found
Score Distribution
Percent of People with Each Score
Percentile by Number Answered
Your Score History
You have not taken this quiz since the last reset